[Event "Aegean op 42nd"]
[Site "Aghios Kirykos"]
[Date "2019.07.17"]
[Round "9"]
[White "Prohaszka, Peter"]
[Black "Azis Azizis, Ektoras"]
[Result "1-0"]
[WhiteElo "2598"]
[BlackElo "2191"]
[PlyCount "83"]
[EventDate "2019.07.09"]
[EventType "swiss"]
[EventRounds "9"]
[EventCountry "GRE"]
[SourceTitle "EXT 2020"]
[Source "ChessBase"]
[SourceDate "2019.10.17"]
[SourceVersion "1"]
[SourceVersionDate "2019.10.17"]
[SourceQuality "1"]

1. d4 Nf6 2. c4 e6 3. Nf3 c5 4. d5 d6 5. Nc3 exd5 6. cxd5 g6 7. Nd2 a6 8. a4 Nbd7 9. e4 Bg7 10. Be2 0-0 11. 0-0 Ne8 12. Nc4 Ne5 13. Ne3 Rb8 14. f4 Nd7 15. Nc4 Nb6 16. Ne3 Bd7 17. Kh1 Na8 18. a5 Qc8 19. Bd2 b5 20. axb6 Rxb6 21. Nc4 Rb4 22. Na4 Rb8 23. e5 Bb5 24. Bc3 Bxc4 25. Bxc4 Nac7 26. b3 Nb5 27. Bb2 f6 28. Qd3 Kh8 29. e6 f5 30. Bxg7+ Kxg7 31. Nc3 Nec7 32. Rfe1 Rb6 33. Na4 Rb7 34. Nxc5 dxc5 35. d6 Nxe6 36. Rxe6 Nd4 37. Re5 Qc6 38. Rxa6 Qc8 39. Ra5 Nc6 40. Rexc5 Qe8 41. Ra1 Ra7 42. Rxa7+ 1-0

[Event "Aegean op 42nd"]
[Site "Aghios Kirykos"]
[Date "2019.07.14"]
[Round "6"]
[White "Azis Azizis, Ektoras"]
[Black "Korniotis, Filippos"]
[Result "1-0"]
[WhiteElo "2191"]
[BlackElo "2141"]
[PlyCount "53"]
[EventDate "2019.07.09"]
[EventType "swiss"]
[EventRounds "9"]
[EventCountry "GRE"]
[SourceTitle "EXT 2020"]
[Source "ChessBase"]
[SourceDate "2019.10.17"]
[SourceVersion "1"]
[SourceVersionDate "2019.10.17"]
[SourceQuality "1"]

1. d4 Nf6 2. c4 e6 3. Nc3 Bb4 4. a3 Bxc3+ 5. bxc3 0-0 6. e3 b6 7. Bd3 Nc6 8. e4 e5 9. Ne2 Qe8 10. Qc2 d6 11. 0-0 Ba6 12. f4 Nd7 13. Rf3 Na5 14. fxe5 dxe5 15. Ng3 Bxc4 16. Nf5 Kh8 17. Qf2 exd4 18. Bxc4 Nxc4 19. Qh4 f6 20. Rh3 h5 21. Qg4 g6 22. Rxh5+ Kg8 23. cxd4 Nd6 24. Rh6 Nxf5 25. Rxg6+ Kf7 26. Qxf5 Qe6 27. Rg7+ 1-0

[Event "GRE-chT 46th"]
[Site "Rio Achaia"]
[Date "2018.07.11"]
[Round "2.15"]
[White "Karapiperis, Alexandros"]
[Black "Azis Azizis, Ektoras"]
[Result "0-1"]
[WhiteElo "1973"]
[BlackElo "2209"]
[PlyCount "94"]
[EventDate "2018.07.10"]
[EventType "team"]
[EventRounds "7"]
[EventCountry "GRE"]
[SourceTitle "CBM 185 Extra"]
[Source "ChessBase"]
[SourceDate "2018.07.29"]
[SourceVersion "1"]
[SourceVersionDate "2018.07.29"]
[SourceQuality "1"]
[WhiteTeam "Patras Shipping Company"]
[BlackTeam "Heraklion Contact"]
[WhiteTeamCountry "GRE"]
[BlackTeamCountry "GRE"]

1. e4 c5 2. c3 e6 3. Nf3 d5 4. exd5 exd5 5. d4 Nf6 6. Bb5+ Bd7 7. Bxd7+ Nbxd7 8. 0-0 Be7 9. dxc5 Nxc5 10. Nd4 Qd7 11. Nd2 0-0 12. N2b3 Nce4 13. f3 Nd6 14. Nc5 Qc7 15. Nd3 Nc4 16. Kh1 a6 17. Nf5 Bd6 18. Nxd6 Qxd6 19. Bf4 Qb6 20. Qb3 Qa7 21. Rad1 Rfe8 22. Nb4 b5 23. Nxd5 Nxd5 24. Rxd5 Qf2 25. Rdd1 Qxb2 26. Qxb2 Nxb2 27. Rb1 Re2 28. Bg3 Rae8 29. Rfe1 f5 30. h4 Kf7 31. Kg1 Rxe1+ 32. Rxe1 Rxe1+ 33. Bxe1 Ke6 34. Kf1 Kd5 35. Ke2 Kc4 36. Kd2 Nd3 37. Bg3 f4 38. Bh2 a5 39. Bg1 a4 40. h5 g6 41. hxg6 hxg6 42. Bh2 a3 43. Bg1 b4 44. Bd4 Nb2 45. Bf6 b3 46. axb3+ Kxb3 47. c4 a2 0-1

[Event "Attica-CupT final"]
[Site "Athens"]
[Date "2018.05.20"]
[Round "2"]
[White "Azis Azizis, Ektoras"]
[Black "Kapnisis, Spyridon"]
[Result "1/2-1/2"]
[WhiteElo "2188"]
[BlackElo "2457"]
[PlyCount "105"]
[EventDate "2018.05.19"]
[EventType "team-k.o."]
[EventRounds "2"]
[EventCountry "GRE"]
[SourceTitle "EXT 2019"]
[Source "ChessBase"]
[SourceDate "2018.10.10"]
[SourceVersion "1"]
[SourceVersionDate "2018.10.10"]
[SourceQuality "1"]
[WhiteTeam "Fon Heraklion Attica"]
[BlackTeam "Nikaia Fysiolatris"]
[WhiteTeamCountry "GRE"]
[BlackTeamCountry "GRE"]

1. d4 d5 2. c4 e6 3. Nc3 c5 4. e3 Nf6 5. Nf3 a6 6. a3 dxc4 7. Bxc4 b5 8. Be2 Bb7 9. 0-0 Nbd7 10. dxc5 Bxc5 11. b4 Be7 12. Bb2 0-0 13. Qd4 Qb8 14. Rfd1 Rd8 15. Qh4 Nf8 16. Rxd8 Qxd8 17. Rd1 Qc7 18. Qf4 Qc6 19. Qg3 Rc8 20. Ne5 Qb6 21. Bf3 Ng6 22. Nxg6 hxg6 23. Bxb7 Qxb7 24. Qf3 Qxf3 25. gxf3 Rc7 26. Rc1 Nd7 27. Ne2 Rxc1+ 28. Nxc1 Nb6 29. f4 Nc4 30. Nd3 a5 31. Bc1 Bd6 32. h3 f5 33. f3 a4 34. Kf2 Kf7 35. Ke2 Ke7 36. e4 Bc7 37. Ne1 Bb6 38. Kd3 Kd6 39. Nc2 e5 40. fxe5+ Nxe5+ 41. Ke2 Nc4 42. Bf4+ Ke6 43. Kd3 Kf6 44. Ke2 g5 45. Bg3 g4 46. hxg4 fxe4 47. f4 Bc7 48. Ne3 Nb6 49. Kd2 Kf7 50. g5 g6 51. Kc3 Nc8 52. Nd5 Bb8 53. Kd4 1/2-1/2

[Event "Attica-CupT final"]
[Site "Athens"]
[Date "2018.05.19"]
[Round "1"]
[White "Mihailidis, Anastasios"]
[Black "Azis Azizis, Ektoras"]
[Result "1/2-1/2"]
[WhiteElo "2294"]
[BlackElo "2188"]
[PlyCount "82"]
[EventDate "2018.05.19"]
[EventType "team-k.o."]
[EventRounds "2"]
[EventCountry "GRE"]
[SourceTitle "EXT 2019"]
[Source "ChessBase"]
[SourceDate "2018.10.10"]
[SourceVersion "1"]
[SourceVersionDate "2018.10.10"]
[SourceQuality "1"]
[WhiteTeam "Peristeriou PS"]
[BlackTeam "Fon Heraklion Attica"]
[WhiteTeamCountry "GRE"]
[BlackTeamCountry "GRE"]

1. e4 c5 2. Nf3 Nc6 3. c3 e5 4. d4 cxd4 5. Bc4 Nf6 6. Ng5 d5 7. exd5 Nxd5 8. 0-0 f6 9. Qf3 Nce7 10. cxd4 fxg5 11. Bxg5 Be6 12. Nc3 Nc7 13. d5 Bf7 14. Bb3 Qd7 15. d6 Bxb3 16. dxe7 Bxe7 17. axb3 Bxg5 18. Qh5+ Qf7 19. Qxg5 0-0 20. Qxe5 Rae8 21. Qc5 a6 22. Qc4 Re6 23. Rae1 b5 24. Qc5 Rxe1 25. Rxe1 Ne6 26. Qe3 Nf4 27. Ne4 h6 28. g3 Nd5 29. Qd4 Nf6 30. Nc5 a5 31. h3 Re8 32. Re5 Rxe5 33. Qxe5 Nd7 34. Nxd7 Qxd7 35. Kg2 Qc6+ 36. Kh2 Qc2 37. Kg2 Qxb3 38. Qe8+ Kh7 39. Qe4+ Kg8 40. Qe8+ Kh7 41. Qe4+ Kg8 1/2-1/2

[Event "GRE-chT 45th"]
[Site "Achaia"]
[Date "2017.07.06"]
[Round "5.14"]
[White "Azis Azizis, Ektoras"]
[Black "Georgiadis, Alexandros"]
[Result "1-0"]
[WhiteElo "2218"]
[BlackElo "1947"]
[PlyCount "71"]
[EventDate "2017.07.03"]
[EventType "team-swiss"]
[EventRounds "7"]
[EventCountry "GRE"]
[SourceTitle "CBM 179 Extra"]
[Source "ChessBase"]
[SourceDate "2017.08.23"]
[SourceVersion "1"]
[SourceVersionDate "2017.08.23"]
[SourceQuality "1"]
[WhiteTeam "Von Heraklion Attica"]
[BlackTeam "Ioannina"]
[WhiteTeamCountry "GRE"]
[BlackTeamCountry "GRE"]

1. Nf3 Nf6 2. b3 g6 3. Bb2 Bg7 4. g3 0-0 5. Bg2 d6 6. 0-0 Nbd7 7. Re1 e5 8. e4 Re8 9. d4 exd4 10. Nxd4 Nc5 11. Nc3 a5 12. h3 a4 13. a3 axb3 14. cxb3 Bd7 15. b4 Na4 16. Nxa4 Bxa4 17. Qc1 Rc8 18. Qc4 Nd7 19. b5 Nb6 20. Qd3 Re7 21. Rab1 Qe8 22. Bc3 Ra8 23. f4 Nd7 24. Rb2 Nc5 25. Qb1 f5 26. Rbe2 Bxd4+ 27. Bxd4 Bxb5 28. Re3 Nxe4 29. Bxe4 fxe4 30. Rxe4 Rxe4 31. Rxe4 Qc6 32. Re7 Rxa3 33. Qe1 Rxg3+ 34. Qxg3 Qd5 35. Qe3 Bc6 36. Re8+ 1-0

[Event "Paleochora op 9th"]
[Site "Paleochora"]
[Date "2016.07.27"]
[Round "9"]
[White "Rocchi, Federico"]
[Black "Azis Azizis, Ektoras"]
[Result "0-1"]
[WhiteElo "1940"]
[BlackElo "2203"]
[PlyCount "90"]
[EventDate "2016.07.20"]
[EventType "swiss"]
[EventRounds "9"]
[EventCountry "GRE"]
[SourceTitle "EXT 2017"]
[Source "ChessBase"]
[SourceDate "2016.10.25"]
[SourceVersion "1"]
[SourceVersionDate "2016.10.25"]
[SourceQuality "1"]

1. c4 Nf6 2. g3 g6 3. Nc3 Bg7 4. Bg2 0-0 5. e4 d6 6. Nge2 Nc6 7. 0-0 Bg4 8. h3 Bxe2 9. Nxe2 Nd7 10. d3 Nd4 11. Be3 Nxe2+ 12. Qxe2 c5 13. f4 Rb8 14. Rad1 Qa5 15. b3 a6 16. g4 b5 17. g5 Qc7 18. h4 a5 19. Bh3 a4 20. f5 Be5 21. h5 bxc4 22. bxc4 Bd4 23. Bxd4 cxd4 24. fxg6 Ne5 25. gxf7+ Kh8 26. g6 h6 27. Rb1 Kg7 28. Qc2 Qc5 29. Rxb8 Rxb8 30. Rb1 Rxb1+ 31. Qxb1 Nf3+ 32. Kf2 Qxh5 33. Qd1 Qh4+ 34. Kxf3 Qxh3+ 35. Ke2 Qg2+ 36. Ke1 Qxg6 37. Qxa4 Qg1+ 38. Kd2 Qe3+ 39. Kc2 Qe2+ 40. Kc1 Qxd3 41. Qe8 Qxc4+ 42. Kd2 Qxa2+ 43. Kd3 Qxf7 44. Qd7 h5 45. Kxd4 e5+ 0-1

[Event "Paleochora op 9th"]
[Site "Paleochora"]
[Date "2016.07.21"]
[Round "3"]
[White "Kelires, Andreas"]
[Black "Azis Azizis, Ektoras"]
[Result "1-0"]
[WhiteElo "2464"]
[BlackElo "2203"]
[PlyCount "67"]
[EventDate "2016.07.20"]
[EventType "swiss"]
[EventRounds "9"]
[EventCountry "GRE"]
[SourceTitle "EXT 2017"]
[Source "ChessBase"]
[SourceDate "2016.10.25"]
[SourceVersion "1"]
[SourceVersionDate "2016.10.25"]
[SourceQuality "1"]

1. d4 Nf6 2. Nf3 g6 3. Bg5 Bg7 4. Nbd2 d5 5. e3 0-0 6. Be2 c5 7. c3 Nc6 8. 0-0 Qb6 9. Qb3 Qxb3 10. axb3 Nd7 11. Rfd1 e6 12. Bf4 Re8 13. Bb5 a6 14. Bd6 Bf8 15. Bxf8 Kxf8 16. dxc5 Nxc5 17. b4 Nd7 18. e4 Nb6 19. exd5 exd5 20. Bxc6 bxc6 21. Nd4 Bd7 22. N2b3 Ke7 23. Nc5 Kd6 24. h3 Bc8 25. Ncb3 f6 26. Ra2 Re7 27. Na5 c5 28. bxc5+ Kxc5 29. b4+ Kd6 30. c4 Kc7 31. cxd5 Nxd5 32. Rc2+ Kb6 33. Rc6+ Ka7 34. Rd6 1-0

[Event "Anogia op 4th"]
[Site "Anogia"]
[Date "2015.07.11"]
[Round "4"]
[White "Goumas, Georgios"]
[Black "Azis Azizis, Ektoras"]
[Result "1-0"]
[WhiteElo "2361"]
[BlackElo "2232"]
[PlyCount "59"]
[EventDate "2015.07.09"]
[EventType "swiss"]
[EventRounds "9"]
[EventCountry "GRE"]
[SourceTitle "CBM 167 Extra"]
[Source "ChessBase"]
[SourceDate "2015.09.14"]
[SourceVersion "1"]
[SourceVersionDate "2015.09.14"]
[SourceQuality "1"]

1. e4 c6 2. d4 d5 3. e5 Bf5 4. h4 h5 5. c4 dxc4 6. Bxc4 e6 7. Nc3 Nd7 8. Bg5 Qc7 9. Nge2 Nb6 10. Bb3 Ne7 11. Rc1 a6 12. 0-0 Ned5 13. Ng3 Nxc3 14. Rxc3 Bg6 15. f4 Be7 16. f5 exf5 17. Nxf5 Bxf5 18. Rxf5 f6 19. exf6 gxf6 20. Rxf6 0-0-0 21. Rf7 Rd7 22. Be6 Bxg5 23. hxg5 Re8 24. Bxd7+ Nxd7 25. g6 Qd6 26. g7 Qd5 27. Rcf3 Ne5 28. R3f5 Qxf7 29. Rxf7 Nxf7 30. Qxh5 1-0

[Event "Eretria op 1st"]
[Site "Eretria"]
[Date "2014.09.02"]
[Round "9"]
[White "Dragomirescu, Robin Alexandru"]
[Black "Azis Azizis, Ektoras"]
[Result "1-0"]
[WhiteElo "2348"]
[BlackElo "2239"]
[PlyCount "75"]
[EventDate "2014.08.26"]
[EventType "swiss"]
[EventRounds "9"]
[EventCountry "GRE"]
[SourceTitle "CBM 162 Extra"]
[Source "ChessBase"]
[SourceDate "2014.10.17"]
[SourceVersion "1"]
[SourceVersionDate "2014.10.17"]
[SourceQuality "1"]

1. e4 c5 2. Nf3 d6 3. d4 cxd4 4. Nxd4 Nf6 5. Nc3 a6 6. Be3 Ng4 7. Bg5 h6 8. Bh4 g5 9. Bg3 Bg7 10. Be2 Ne5 11. 0-0 Nbc6 12. Nf5 Bxf5 13. exf5 Rc8 14. Kh1 Qb6 15. Nd5 Qxb2 16. Rb1 Qxa2 17. Rxb7 Rb8 18. Rxb8+ Nxb8 19. f4 Ned7 20. fxg5 hxg5 21. Nxe7 Be5 22. Bxe5 dxe5 23. f6 Qa5 24. Nf5 Qc5 25. Bg4 Qc7 26. Qd2 e4 27. Nd6+ Kf8 28. Qxg5 Rxh2+ 29. Kxh2 Qxd6+ 30. Kh1 Qe5 31. Rf5 Qa1+ 32. Kh2 Nc6 33. Bh5 Nde5 34. Qg7+ Ke8 35. Bxf7+ Kd8 36. Bd5 e3 37. Bxc6 e2 38. Qe7+ 1-0

[Event "Eretria op 1st"]
[Site "Eretria"]
[Date "2014.08.28"]
[Round "3"]
[White "Ciampi, Vincenzo"]
[Black "Azis Azizis, Ektoras"]
[Result "0-1"]
[WhiteElo "2030"]
[BlackElo "2239"]
[PlyCount "128"]
[EventDate "2014.08.26"]
[EventType "swiss"]
[EventRounds "9"]
[EventCountry "GRE"]
[SourceTitle "CBM 162 Extra"]
[Source "ChessBase"]
[SourceDate "2014.10.17"]
[SourceVersion "1"]
[SourceVersionDate "2014.10.17"]
[SourceQuality "1"]

1. Nf3 Nf6 2. c4 b6 3. g3 Bb7 4. Bg2 e6 5. 0-0 c5 6. d4 cxd4 7. Qxd4 Nc6 8. Qf4 Be7 9. Nc3 0-0 10. e4 d6 11. b3 a6 12. Bb2 Qc7 13. Rac1 Ne5 14. Qe3 Nxf3+ 15. Bxf3 Rab8 16. Bg2 Rfd8 17. Rfd1 Ba8 18. h3 Qb7 19. a4 Qc7 20. Qe2 Rbc8 21. f4 Qc5+ 22. Kh2 Qb4 23. Rd3 Nd7 24. Na2 Qc5 25. Qd2 Qc7 26. b4 a5 27. c5 bxc5 28. bxa5 Bc6 29. Nc3 Ra8 30. Nb5 Bxb5 31. axb5 Qxa5 32. Bc3 Qxb5 33. e5 d5 34. f5 Ra2 35. Qxa2 Qxd3 36. fxe6 fxe6 37. Bf1 Qf5 38. Qe2 d4 39. Ba5 Rf8 40. Rd1 Nxe5 41. Bg2 Bd6 42. Qa6 Nf7 43. Rf1 Qe5 44. Be1 Nh6 45. Rxf8+ Kxf8 46. Qa8+ Ke7 47. Bf2 Nf5 48. Qb7+ Kf6 49. Qf3 c4 50. Kg1 d3 51. g4 Qa1+ 52. Bf1 d2 53. gxf5 d1Q 54. Bh4+ Kf7 55. fxe6+ Kxe6 56. Qe4+ Kd7 57. Qb7+ Bc7 58. Qb5+ Kc8 59. Qe8+ Kb7 60. Qe4+ Ka7 61. Bf2+ Bb6 62. Bxb6+ Kxb6 63. Qe6+ Ka5 64. Qf5+ Ka4 0-1

[Event "GRE-chT 42nd"]
[Site "Porto Rio"]
[Date "2014.06.30"]
[Round "4.3"]
[White "Kapnisis, Spyridon"]
[Black "Azis Azizis, Ektoras"]
[Result "1-0"]
[WhiteElo "2459"]
[BlackElo "2217"]
[PlyCount "141"]
[EventDate "2014.06.28"]
[EventType "team-swiss"]
[EventRounds "7"]
[EventCountry "GRE"]
[SourceTitle "CBM 161 Extra"]
[Source "ChessBase"]
[SourceDate "2014.08.29"]
[SourceVersion "1"]
[SourceVersionDate "2014.08.29"]
[SourceQuality "1"]
[WhiteTeam "Nice Fysiolatris"]
[BlackTeam "Irakleiou Contact"]
[WhiteTeamCountry "GRE"]
[BlackTeamCountry "GRE"]

1. e4 c5 2. Nf3 d6 3. Bb5+ Bd7 4. c4 a6 5. Bxd7+ Nxd7 6. d4 cxd4 7. Nxd4 Ngf6 8. Nc3 Rc8 9. Qe2 Qc7 10. b3 b5 11. Nd5 Nxd5 12. exd5 bxc4 13. 0-0 Qc5 14. Be3 Qxd5 15. bxc4 Qe4 16. f3 Qe5 17. Rae1 e6 18. f4 Qe4 19. Qh5 g6 20. Qh3 Rxc4 21. Bf2 Qd5 22. f5 Rxd4 23. fxe6 fxe6 24. Qxe6+ Qxe6 25. Rxe6+ Kf7 26. Bxd4+ Kxe6 27. Bxh8 d5 28. Re1+ Kd6 29. Bd4 Kc6 30. Rc1+ Bc5 31. Kf2 Kb5 32. Bxc5 Nxc5 33. Ke3 Ne6 34. Rc8 a5 35. Re8 Ng7 36. Rb8+ Kc4 37. Rc8+ Kb4 38. Kd4 Nf5+ 39. Kd3 a4 40. Rc3 h5 41. a3+ Kb5 42. Rc8 Nd6 43. Rb8+ Kc5 44. Rb4 Nc4 45. h4 Nxa3 46. Rxa4 Nc4 47. Ra7 Kd6 48. Ra6+ Ke7 49. Kd4 Kf7 50. g3 Kg7 51. Rc6 Nd2 52. Kxd5 Nf1 53. Rc3 g5 54. Ke4 gxh4 55. gxh4 Nh2 56. Kf5 Ng4 57. Kg5 Ne5 58. Kxh5 Nf7 59. Rc6 Ne5 60. Re6 Nf7 61. Kg4 Nh6+ 62. Kf4 Nf7 63. h5 Nh6 64. Re7+ Kf6 65. Ra7 Nf7 66. Ra6+ Kg7 67. Rg6+ Kh7 68. Kf5 Nh6+ 69. Kg5 Ng8 70. Rb6 Kg7 71. Rb7+ 1-0

[Event "Paleros op 2nd"]
[Site "Paleros"]
[Date "2013.08.31"]
[Round "9"]
[White "Patriarheas, Georgios"]
[Black "Azis Azizis, Ektoras"]
[Result "0-1"]
[WhiteElo "1976"]
[BlackElo "2218"]
[PlyCount "98"]
[EventDate "2013.08.24"]
[EventType "swiss"]
[EventRounds "9"]
[EventCountry "GRE"]
[SourceTitle "CBM 156 Extra"]
[Source "ChessBase"]
[SourceDate "2013.10.22"]
[SourceVersion "1"]
[SourceVersionDate "2013.10.22"]
[SourceQuality "1"]

1. e4 c5 2. Nf3 Nc6 3. Nc3 d6 4. d4 cxd4 5. Nxd4 e5 6. Nf3 h6 7. Bc4 Nf6 8. h3 a6 9. a4 Be7 10. 0-0 g5 11. Nh2 Nd4 12. Be3 Ne6 13. Nd5 Nxe4 14. Bb6 Qd7 15. Re1 Nf6 16. Nxf6+ Bxf6 17. Ng4 Be7 18. Qf3 Qc6 19. Qb3 Kf8 20. Bd5 Qe8 21. Rad1 Nf4 22. Bc7 h5 23. Ne3 Qd7 24. Qb6 Rh6 25. Be4 a5 26. Bf5 Qc6 27. Qxc6 bxc6 28. Bxc8 Rxc8 29. Bxa5 Ra8 30. Bc7 Ra7 31. Bb6 Rxa4 32. g3 Nxh3+ 33. Kg2 g4 34. b3 Ra2 35. Ra1 Rxa1 36. Rxa1 Rf6 37. Ra8+ Kg7 38. Nd1 d5 39. Re8 Bd6 40. Nc3 Bb4 41. Nd1 Re6 42. Rd8 Bd2 43. Nb2 Bc3 44. Nd3 e4 45. Nc5 Rf6 46. Nd7 Rf3 47. Nb8 d4 48. Bxd4+ Bxd4 49. Rxd4 Rxf2+ 0-1

[Event "Paleros op 2nd"]
[Site "Paleros"]
[Date "2013.08.29"]
[Round "7"]
[White "Dacalor, Aurelie"]
[Black "Azis Azizis, Ektoras"]
[Result "1/2-1/2"]
[WhiteElo "2016"]
[BlackElo "2218"]
[PlyCount "31"]
[EventDate "2013.08.24"]
[EventType "swiss"]
[EventRounds "9"]
[EventCountry "GRE"]
[SourceTitle "CBM 156 Extra"]
[Source "ChessBase"]
[SourceDate "2013.10.22"]
[SourceVersion "1"]
[SourceVersionDate "2013.10.22"]
[SourceQuality "1"]

1. d4 Nf6 2. c4 e6 3. Nf3 b6 4. g3 Bb7 5. Bg2 Bb4+ 6. Bd2 Bxd2+ 7. Qxd2 0-0 8. Nc3 d6 9. 0-0 Nbd7 10. Qc2 a5 11. e4 e5 12. Rad1 Re8 13. Rfe1 h6 14. Re2 Qb8 15. b3 c6 16. Nh4 1/2-1/2

[Event "Paleros op 2nd"]
[Site "Paleros"]
[Date "2013.08.28"]
[Round "6"]
[White "Azis Azizis, Ektoras"]
[Black "Hadzi Manev, Ljubomir"]
[Result "1/2-1/2"]
[WhiteElo "2218"]
[BlackElo "2065"]
[PlyCount "82"]
[EventDate "2013.08.24"]
[EventType "swiss"]
[EventRounds "9"]
[EventCountry "GRE"]
[SourceTitle "CBM 156 Extra"]
[Source "ChessBase"]
[SourceDate "2013.10.22"]
[SourceVersion "1"]
[SourceVersionDate "2013.10.22"]
[SourceQuality "1"]

1. d4 d5 2. Bf4 c5 3. e3 Nc6 4. c3 Qb6 5. Qb3 c4 6. Qc2 g6 7. Nd2 Nf6 8. b3 Bf5 9. Qb2 Nh5 10. Bg5 h6 11. Bh4 g5 12. Bg3 Nxg3 13. hxg3 e5 14. dxe5 Nxe5 15. Ngf3 Bg7 16. Nxe5 Bxe5 17. Nf3 Bg7 18. Be2 Rc8 19. b4 a5 20. a3 0-0 21. 0-0 Ra8 22. Rfd1 Be6 23. Nd4 Ra7 24. g4 axb4 25. axb4 Rfa8 26. Bf3 Rxa1 27. Rxa1 Rxa1+ 28. Qxa1 Bxd4 29. exd4 Qc7 30. g3 Qd7 31. Qd1 Qd6 32. Qa4 Qa6 33. Qd1 Kg7 34. Qe1 f6 35. Kg2 Qd6 36. Bd1 Qd7 37. Qe2 Bf7 38. Bc2 Bg6 39. Bxg6 Kxg6 40. Qc2+ Kg7 41. Kf3 Qe6 1/2-1/2

[Event "Petroupoli ASOP Dias op"]
[Site "Petroupoli"]
[Date "2013.02.27"]
[Round "6.6"]
[White "Azis Azizis, Ektoras"]
[Black "Anairousis, Panagiotis"]
[Result "1-0"]
[WhiteElo "2274"]
[BlackElo "1935"]
[PlyCount "53"]
[EventDate "2013.01.23"]
[EventType "swiss"]
[EventRounds "7"]
[EventCountry "GRE"]
[SourceTitle "EXT 2024"]
[Source "ChessBase"]
[SourceDate "2023.10.10"]
[SourceVersion "1"]
[SourceVersionDate "2023.10.10"]
[SourceQuality "1"]

1. d4 Nc6 2. Nf3 d6 3. d5 Ne5 4. Nxe5 dxe5 5. e4 e6 6. Bb5+ Bd7 7. Bxd7+ Qxd7 8. dxe6 Qxd1+ 9. Kxd1 f6 10. Be3 Bd6 11. c4 c6 12. Kc2 Ke7 13. c5 Bc7 14. Nd2 Kxe6 15. a4 Ne7 16. b4 Rad8 17. b5 Rb8 18. Rhd1 Rbd8 19. b6 axb6 20. cxb6 Bd6 21. Nb3 Ra8 22. Bc5 Nc8 23. a5 Ke7 24. a6 Rb8 25. a7 Ra8 26. Bxd6+ Nxd6 27. Rxd6 1-0

[Event "Petroupoli ASOP Dias op"]
[Site "Petroupoli"]
[Date "2013.02.20"]
[Round "5.5"]
[White "Azis Azizis, Ektoras"]
[Black "Kouskoutis, Georgios Alexandros"]
[Result "1/2-1/2"]
[WhiteElo "2274"]
[BlackElo "1882"]
[PlyCount "106"]
[EventDate "2013.01.23"]
[EventType "swiss"]
[EventRounds "7"]
[EventCountry "GRE"]
[SourceTitle "EXT 2024"]
[Source "ChessBase"]
[SourceDate "2023.10.10"]
[SourceVersion "1"]
[SourceVersionDate "2023.10.10"]
[SourceQuality "1"]

1. Nc3 c5 2. e4 Nc6 3. Nf3 e6 4. d4 cxd4 5. Nxd4 Qc7 6. Be3 a6 7. g3 h5 8. h3 h4 9. g4 Nxd4 10. Qxd4 Ne7 11. Qb6 Qxb6 12. Bxb6 Ng6 13. a4 Bd6 14. a5 Be5 15. Bd3 d6 16. 0-0-0 Nf4 17. Ne2 Nxe2+ 18. Bxe2 g5 19. Bd4 Ke7 20. Bxe5 dxe5 21. Rd3 Bd7 22. Rhd1 Bc6 23. Re3 Rhd8 24. c3 Rxd1+ 25. Bxd1 Rc8 26. Bc2 Bb5 27. Re1 Rd8 28. b3 Rc8 29. c4 Bd7 30. Kd2 Rc5 31. Ra1 f5 32. f3 Rc8 33. Bd3 fxg4 34. fxg4 Rf8 35. Ke3 Kd6 36. b4 Kc7 37. Rd1 Ba4 38. Ra1 Bd7 39. Rb1 Kd6 40. Rd1 Kc7 41. b5 Ra8 42. Ra1 axb5 43. cxb5 b6 44. Rc1+ Kd6 45. a6 Rc8 46. Rxc8 Bxc8 47. Bc4 Kd7 48. Kd3 Kd6 49. Kc3 Ke7 50. Kd3 Kd6 51. Ke3 Ke7 52. Kd3 Kd6 53. Bb3 Ke7 1/2-1/2

[Event "Petroupoli Master Division "]
[Site "Petroupoli"]
[Date "2012.11.21"]
[Round "3.7"]
[White "Azis Azizis, Ektoras"]
[Black "Kouskoutis, Georgios Alexandros"]
[Result "1-0"]
[WhiteElo "2294"]
[BlackElo "1764"]
[PlyCount "93"]
[EventDate "2012.11.07"]
[EventType "swiss"]
[EventRounds "7"]
[EventCountry "GRE"]
[SourceTitle "EXT 2024"]
[Source "ChessBase"]
[SourceDate "2023.10.10"]
[SourceVersion "1"]
[SourceVersionDate "2023.10.10"]
[SourceQuality "1"]

1. d4 Nf6 2. Bf4 e6 3. e3 c5 4. c3 b6 5. h3 Bb7 6. Nf3 cxd4 7. exd4 d6 8. Nbd2 Be7 9. Bc4 0-0 10. 0-0 Nbd7 11. Re1 Re8 12. Qb3 Bf8 13. a4 a6 14. Bh2 Rc8 15. Re3 h6 16. Rae1 Nd5 17. R3e2 N7f6 18. Bd3 Nh5 19. Bb1 Nhf4 20. Re4 f5 21. Rxf4 g5 22. Rxf5 exf5 23. Rxe8 Qxe8 24. Bxf5 Rc7 25. c4 Qf7 26. Bd3 Nf4 27. Bxf4 Qxf4 28. Qxb6 Rg7 29. d5 g4 30. hxg4 Qxg4 31. g3 h5 32. Qd4 Bc8 33. Qxg4 hxg4 34. Nd4 Rb7 35. b3 Kf7 36. Bc2 Bg7 37. Nc6 Bf6 38. Ne4 Be7 39. Nd8+ Bxd8 40. Nxd6+ Kf6 41. Nxc8 Ke5 42. Bd1 a5 43. Kf1 Bb6 44. Nxb6 Rxb6 45. Bxg4 Rxb3 46. Bd7 Rb1+ 47. Kg2 1-0